000 00488nam a22001697a 4500
003 CEME
005 20210628204115.0
008 210308b xxu||||| |||| 00| 0 eng d
020 _a0-03-094407-2
040 _c.
082 _a621.39814 CHE'A
100 _aChen, Chi-Tsong
_9774
245 _aAnalog and digital control system design , transfer function state space and albebrai methods
260 _aUSA
_bSAVNDERS COLLEGE PUBLICATION
_c1993
300 _aXX, 600P
942 _cBK
_2ddc
999 _c576245
_d576245